South Eastern Kenya University

Library Online Public Access Catalogue


First responder's guide to abnormal psychology : (Record no. 6125)

MARC details
000 -LEADER
fixed length control field 00951cam a22002534a 4500
020 ## - ISBN
International Standard Book Number 9780387351391 (alk. paper)
020 ## - ISBN
International Standard Book Number 0387351396 (alk. paper)
020 ## - ISBN
International Standard Book Number 9780387354651 (eISBN)
020 ## - ISBN
International Standard Book Number 0387354654 (eISBN)
050 00 - LIBRARY OF CONGRESS CALL NUMBER
Classification Number RC 480.6
Item Number .D67 2007
100 1# - MAIN ENTRY--Author
Personal name Dorfman, William I.
245 10 - TITLE
Title First responder's guide to abnormal psychology :
Remainder of title applications for police, firefighters, and rescue personnel /
Statement of responsibility, etc William I. Dorfman and Lenore E.A. Walker.
260 ## - PUBLICATION, DISTRIBUTION, ETC.(IMPRINT)
Place of publication, distribution, etc New York, NY :
Name of publisher, distributor, etc Springer,
Date of publication, distribution, etc c2007.
300 ## - PHYSICAL DESCRIPTION
Extent x, 233 p. :
650 #0 - SUBJECT--TOPIC
Form subdivision Case studies.
650 #0 - SUBJECT--TOPIC
General subdivision Mental health.
650 #0 - SUBJECT--TOPIC
General subdivision Risk assessment.
650 22 - SUBJECT--TOPIC
General subdivision prevention & control.
700 1# - ADDED ENTRY--PERSONAL AUTHOR
Personal Name Walker, Lenore E.
856 41 - URL/ELECTRONIC LOCATION AND ACCESS
Uniform Resource Identifier <a href="http://www.loc.gov/catdir/toc/fy0716/2006929449.html">http://www.loc.gov/catdir/toc/fy0716/2006929449.html</a>
856 42 - URL/ELECTRONIC LOCATION AND ACCESS
Uniform Resource Identifier <a href="http://www.loc.gov/catdir/enhancements/fy0823/2006929449-b.html">http://www.loc.gov/catdir/enhancements/fy0823/2006929449-b.html</a>
856 42 - URL/ELECTRONIC LOCATION AND ACCESS
Uniform Resource Identifier <a href="http://www.loc.gov/catdir/enhancements/fy0823/2006929449-d.html">http://www.loc.gov/catdir/enhancements/fy0823/2006929449-d.html</a>
942 ## - ADDED ENTRY ELEMENTS(KOHA)
Source of classification or shelving scheme Library of Congress Classification
Koha item type General circulation
Holdings
Source of classification or shelving scheme Not for loan Location (home branch) Sublocation (holding branch) Shelving location Date accessioned Full call number Barcode Nonpublic note Koha item type
Library of Congress Classification   Main Campus Library Main Campus Library   16/07/2015 RC 480.6 .D67 2007 2015/012973 jm General circulation
Kitui, Kenya.
+254736116989
library@seku.ac.ke